书目信息 |
| 题名: |
长笛初级教程
|
|
| 作者: | 徐瑾 编著 | |
| 分册: | ||
| 出版信息: | 北京 同心出版社 2001 |
|
| 页数: | 234页 | |
| 开本: | 30cm | |
| 丛书名: | 西洋乐器教程系列丛书 | |
| 单 册: | ||
| 中图分类: | J621.1 | |
| 科图分类: | ||
| 主题词: | 长笛--吹奏法--教材 , CT--S007084--长笛 , CT--S009735--吹奏法 , 器乐--理论 , 器乐--奏法 , 器乐--演奏 | |
| 电子资源: | ||
| ISBN: | 7-80593-484-3 | |
| 000 | 01066nam0 2200325 45 | |
| 001 | 012001036308 | |
| 005 | 20031219104108.8 | |
| 010 | @a7-80593-484-3@dCNY22.80 | |
| 100 | @a20010620d2001 em y0chiy0110 ea | |
| 101 | 0 | @achi |
| 102 | @aCN@b110000 | |
| 105 | @aag z 000yy | |
| 106 | @ar | |
| 200 | 1 | @a长笛初级教程@9chang di chu ji jiao cheng@f徐瑾编著 |
| 210 | @a北京@c同心出版社@d2001 | |
| 215 | @a234页@c照片@d30cm | |
| 225 | 2 | @a西洋乐器教程系列丛书 |
| 314 | @a徐瑾,中国音乐家协会会员,国家二级演员,中国人民解放军军乐团首席长笛,著名长笛演奏家。编著有《长笛初级教程》。 | |
| 330 | @a本书介绍了长笛的基础知识,长笛的选购,长笛的基本演奏方法,最基本的发音和识谱练习,基本音型和节奏练习等内容。 | |
| 461 | 0 | @12001 @a西洋乐器教程系列丛书 |
| 606 | 0 | @a长笛@x吹奏法@j教材 |
| 606 | 0 | @2CT@3S007084@a长笛 |
| 606 | 0 | @2CT@3S009735@a吹奏法 |
| 606 | 0 | @a器乐@x理论 |
| 606 | 0 | @a器乐@x奏法 |
| 606 | 0 | @a器乐@x演奏 |
| 690 | @aJ621.1@v4 | |
| 701 | 0 | @a徐瑾@9xu jin@4编著 |
| 801 | @aCN@bTSTC@c20030407 | |
| 905 | @b322185-189@dJ621.1@e116@f5 | |
| 长笛初级教程/徐瑾编著.-北京:同心出版社,2001 |
| 234页:照片;30cm.-(西洋乐器教程系列丛书) |
| ISBN 7-80593-484-3:CNY22.80 |
| 本书介绍了长笛的基础知识,长笛的选购,长笛的基本演奏方法,最基本的发音和识谱练习,基本音型和节奏练习等内容。 |
| ● |
| 相关链接 |
|
|
|
|
正题名:长笛初级教程
索取号:J621.1/116
 
预约/预借
| 序号 | 登录号 | 条形码 | 馆藏地/架位号 | 状态 | 备注 |
| 1 | 0322185 | 203221851 | 第一借阅区/ [索取号:J621.1/116] | 在馆 | |
| 2 | 0322186 | 203221860 | 第一借阅区/ [索取号:J621.1/116] | 在馆 | |
| 3 | 0322187 | 203221879 | 第一借阅区/ [索取号:J621.1/116] | 在馆 | |
| 4 | 0322188 | 203221888 | 第一借阅区/ [索取号:J621.1/116] | 在馆 | |
| 5 | 0322189 | 203221897 | 第一借阅区/ [索取号:J621.1/116] | 在馆 |